| 000 | 02930cam a22005654i 4500 | ||
|---|---|---|---|
| 001 | u49089 | ||
| 003 | PE-LiUPU | ||
| 005 | 20250731172908.0 | ||
| 008 | 150706s2009 ag r 000 0 spa d | ||
| 020 | _a9789875676077 | ||
| 035 | _a(Sirsi) i9789875676077 | ||
| 040 |
_aPE-LiUPU _bspa _cPE-LiUPU _erda |
||
| 049 | _aPRUA | ||
| 082 | 0 | 4 |
_a220.8 _bB18 _221 |
| 100 | 1 |
_aBall, Bryan , _eautor. |
|
| 245 | 1 | 1 |
_a¿Todavía podemos creer en la Biblia? ¿es realmente importante? / _cBryan Ball. |
| 264 | 1 |
_aBuenos Aires : _bAsociación Casa Editora Sudamericana, _c2009. |
|
| 300 |
_a160 páginas ; _c21 cm. |
||
| 336 |
_atext _2rdacontent |
||
| 337 |
_aunmediated _2rdamedia |
||
| 338 |
_avolume _2rdacarrier |
||
| 504 | _aIncluye referencias bibliográficas. | ||
| 505 | 0 | _aUnas breves palabras explicativas -- ¿De qué se trata todo esto? -- ¿Es realmente importante? -- El libro más extraordinario del mundo -- Descubrimientos fascinantes en tierras antiguas -- ¿Quién escribio la Biblia?¿Es fiel y confiable? -- La profecía habla -- Jesús de Nazaret -- Todas esas ideas fundamentales. | |
| 526 | _aSEG42 | ||
| 526 | _aSEG41 | ||
| 526 | _aSEG40 | ||
| 526 | _aSEG39 | ||
| 526 | _aP94 | ||
| 526 | _aP87 | ||
| 526 | _aP86 | ||
| 526 | _aP85 | ||
| 526 | _aP77 | ||
| 526 | _aP76 | ||
| 526 | _aP35 | ||
| 541 | _g001-000258; | ||
| 596 | _a1 4 | ||
| 630 |
_aBiblia _xMisceláneas. |
||
| 910 |
_bjck _d20101207 |
||
| 942 |
_2ddc _cBOOK |
||
| 994 |
_aC0 _bPEPRU |
||
| 949 |
_a220.07 B18 2009 _wDEWEY _c1 _iFT02482 _lCCODEBUT1 _mBUT _p16.00 _r0 _sY _tBOOK _u2015-10-22 _xBIBLIOTECA _zUNKNOWN _0COMPRA _o.STAFF. Colección General |
||
| 999 |
_a220.7 B18 _wDEWEY _c15487 _i75405 _d15487 _e2017-5-19 _f2021-11-9 _g4 _lCCODEBUL1 _mBUL _n1 _p6.71 _r0 _sY _tBOOK _u2017-2-6 _xTEOLOGIA _PP35 _0COMPRA _o.STAFF. Colección Teología |
||
| 999 |
_a220.7 B18 _wDEWEY _c2 _i75406 _f2021-11-9 _g4 _lCCODEBUL1 _mBUL _p6.71 _r0 _sY _tBOOK _u2017-2-6 _xTEOLOGIA _PP35 _0COMPRA _o.STAFF. Colección Teología |
||
| 999 |
_a220.7 B18 _wDEWEY _c3 _i75407 _d2019-8-19 _e2019-8-13 _f2021-11-9 _g4 _lCCODEBUL1 _mBUL _n4 _p6.71 _r0 _sY _tBOOK _u2017-2-6 _xTEOLOGIA _PP35 _0COMPRA _o.STAFF. Colección Teología |
||
| 999 |
_a220.6 B18 2007 _wDEWEY _c1 _iCW00334 _mBWL _p7.00 _r1 _sY _tBOOK _u2017-4-20 _xWHITE _zUNKNOWN _0COMPRA _o.STAFF. Centro White |
||
| 999 |
_a220.6 B18 2007 _wDEWEY _c2 _iCW00333 _lCCODECWL1 _mBWL _p7.00 _r1 _sY _tBOOK _u2017-4-20 _xWHITE _zUNKNOWN _0COMPRA _o.STAFF. Centro White |
||
| 999 |
_a220.6 B18 2007 _wDEWEY _c3 _iCW62369 _f2021-12-22 _g1 _lCCODECWL1 _mBWL _p7.00 _r0 _sY _tBOOK _u2017-4-20 _xWHITE _zUNKNOWN _0COMPRA _o.STAFF. Centro White |
||
| 999 |
_a220.6 B18 2007 _wDEWEY _c4 _iCW00335 _f2021-12-22 _g2 _lCCODECWL1 _mBWL _p7.00 _r1 _sY _tBOOK _u2017-4-20 _xWHITE _zUNKNOWN _0COMPRA _o.STAFF. Centro White |
||
| 980 |
_81 _gALBERTO SANCHEZ Responsable de Automatización |
||